000 00315nam a22001337a 4500
008 171020b xxu||||| |||| 00| 0 eng d
020 _a9780875843094
041 _aeng
080 _a338
100 _a54
101 _aMIS
245 _aEVERY MANAGER'S GUIDE TO INFORMATION TECHNOLOGY
_cKEEN,P.G
942 _2udc
_cBK
999 _c35120
_d35120